| 000 | 00497nam a22001577a 4500 | ||
|---|---|---|---|
| 003 | NUST | ||
| 082 | _a200 | ||
| 100 |
_aJaved, Waqar Ali _9119911 |
||
| 245 |
_aFinancial Analysis of Listed E&P companies of Pakistan/ _cWaqar Ali Javed |
||
| 264 |
_aIslamabad _bNBS _c2023 |
||
| 300 |
_aill: _b45,p: _c30,cm. |
||
| 690 |
_bMS- Business Administration _9126244 |
||
| 700 |
_aSupervisor :Dr. Nabeel Safdar _9119913 |
||
| 856 | _uhttp://10.250.8.41:8080/xmlui/handle/123456789/38210 | ||
| 942 |
_2ddc _cSC |
||
| 999 |
_c607427 _d607427 |
||